Sports Quiz

Random Sports or Olympics Quiz
Score 0/24 Timer 06:00
0 Plays Today
% Correct
Apolo Anton Ohno
88.4%
Shaun White
87.3%
Nancy Kerrigan
80.4%
Lindsey Vonn
80.3%
Tara Lipinski
71.5%
Michelle Kwan
70.5%
Bode Miller
66.7%
Kristi Yamaguchi
64.1%
Bonnie Blair
63.5%
Scott Hamilton
60.5%
Dorothy Hamill
58%
Brian Boitano
54.1%
% Correct
Picabo Street
51.6%
Mike Eruzione
43.7%
Shani Davis
42.8%
Peggy Fleming
42.1%
Eric Heiden
39.4%
Dan Jansen
38.1%
Sarah Hughes
37.7%
Dick Button
36.9%
Jim Craig
32.6%
Meryl Davis & Charlie White
31.6%
Lindsey Jacobellis
23.9%
Cammi Granato
22.1%
Remove Ads.
Support Sporcle.
Get the best of Sporcle when you Go Orange. This ad-free experience offers more features, more stats, and more fun while also helping to support Sporcle. Thank you for becoming a member.

You're not logged in!

Compare scores with friends on all Sporcle quizzes.
OR
Log In

Show Comments

Extras

Top Quizzes Today


Score Distribution

Your Account Isn't Verified!

In order to create a playlist on Sporcle, you need to verify the email address you used during registration. Go to your Sporcle Settings to finish the process.

Report this User

Report this user for behavior that violates our Community Guidelines.

Details: